Nové ohnisko napätia na Balkáne?

Krátka história Macedónska. Rozdelenie Macedónska medzi tri štáty po dvoch balkánskych vojnách (1912-1913). Konflikty súvisiace s rozpadom Juhoslávie. Ozbrojené násilie albánskych teroristov.

Salvato in:
Dettagli Bibliografici
Autore principale: Škvrnda, František
Natura: Capitolo di libro
Lingua:slovacco
Soggetti:
Tags: Aggiungi Tag
Nessun Tag, puoi essere il primo ad aggiungerne!!

MARC

LEADER 00000naa a2200000 4500
001 0206652
005 20240502073431.1
041 0 |a slo 
044 |a SK 
245 1 0 |a Nové ohnisko napätia na Balkáne?  |c František Škvrnda 
520 |a Krátka história Macedónska. Rozdelenie Macedónska medzi tri štáty po dvoch balkánskych vojnách (1912-1913). Konflikty súvisiace s rozpadom Juhoslávie. Ozbrojené násilie albánskych teroristov. 
610 2 0 |a politika 
610 2 0 |a štát 
610 2 0 |a história 
610 2 0 |a konflikty 
610 2 0 |a vojny 
610 2 0 |a Balkán 
610 2 0 |a Macedónsko 
100 1 |a Škvrnda, František